Pearl The Brave Unicorn/ (Record no. 203302)

MARC details
000 -LEADER
fixed length control field 00560 a2200205 4500
005 - DATE AND TIME OF LATEST TRANSACTION
control field 20240528112923.0
010 ## - LCCN (DPL NO)
LC control number B-759206
020 ## - INTERNATIONAL STANDARD BOOK NUMBER
International Standard Book Number 9789354714689
Terms of availability 350.00
035 ## - SYSTEM CONTROL NUMBER
System control number B-759206
037 ## - SOURCE OF ACQUISITION
Source of stock number/acquisition Gift
082 ## - DEWEY DECIMAL CLASSIFICATION NUMBER
Classification number S
100 ## - MAIN ENTRY--PERSONAL NAME
Personal name Odgers, Sally
245 ## - TITLE STATEMENT
Title Pearl The Brave Unicorn/
Statement of responsibility, etc Sally Odgers and Adele K Thomas
260 ## - PUBLICATION, DISTRIBUTION, ETC. (IMPRINT)
Place of publication, distribution, etc New York
Name of publisher, distributor, etc Scholastic Press
Date of publication, distribution, etc 2023
270 ## - ADDRESS
Address New York
City New York
300 ## - PHYSICAL DESCRIPTION
Extent 128 p.
Dimensions 19 cm(Pb)
700 ## - ADDED ENTRY--PERSONAL NAME
9 (RLIN) 66848
Personal name Thomas K Adele
942 ## - ADDED ENTRY ELEMENTS (KOHA)
Institution code [OBSOLETE] dpl
Item type Children Books
Source of classification or shelving scheme Dewey Decimal Classification
Classification part S
Call number suffix ODG
Holdings
Withdrawn status Lost status Not for loan Collection code Home library Current library Date acquired Source of acquisition Cost, normal purchase price Full call number Barcode Copy number Cost, replacement price Koha item type Public note
      Fiction Ashok Vihar Ashok Vihar 28/05/2024 Gift/28.5.24 350.00 S ODG B-759206 1 350.00 Children Books Gift

© Delhi Public Library
Hit Counter
free hit counter